[Event "MCRE_KT02"]
[Site "?"]
[Date "2005.??.??"]
[Round "1"]
[White "Tyrlik, Jaroslav"]
[Black "Listopad, Jan"]
[Result "1-0"]
[WhiteElo "1965"]
[BlackElo "1600"]
[PlyCount "89"]
[EventDate "2005.??.??"]
[EventType "corr"]
[EventRounds "2"]
[SourceDate "2005.10.20"]

1. d4 d5 2. Nf3 Nf6 3. c4 e6 4. Nc3 Nbd7 5. cxd5 exd5 6. Bg5 c6 7. e3 h6 8. Bh4
Bd6 9. Qc2 O-O 10. Bd3 Re8 11. Bg3 Bf8 12. O-O Nh5 13. Be5 Nxe5 14. Bh7+ Kh8
15. Nxe5 Be6 16. f4 Re7 17. Rac1 g6 18. Bxg6 fxg6 19. Nxg6+ Kg8 20. Nxe7+ Qxe7
21. Qg6+ Ng7 22. e4 Bf7 23. Qxh6 dxe4 24. Rce1 e3 25. f5 Nxf5 26. Qh3 Nxd4 27.
Rxe3 Qd6 28. Ne4 Qg6 29. Qh4 Bh6 30. Nf6+ Kg7 31. Qxd4 Bxe3+ 32. Qxe3 Bd5 33.
Nxd5 cxd5 34. Qe5+ Kh7 35. Rf5 Qb6+ 36. Kh1 Qh6 37. Rh5 Rf8 38. g4 Rf7 39.
Rxh6+ Kxh6 40. g5+ Kh5 41. Qe8 Kg6 42. h4 Kg7 43. h5 Rf2 44. h6+ Kh7 45. Qh5
1-0

[Event "MCRE_KT02"]
[Site "?"]
[Date "2005.??.??"]
[Round "1"]
[White "Tyrlik, Jaroslav"]
[Black "Fric, Pavel"]
[Result "1/2-1/2"]
[WhiteElo "1965"]
[BlackElo "1600"]
[PlyCount "111"]
[EventDate "2005.??.??"]
[EventType "corr"]
[EventRounds "2"]
[SourceDate "2005.10.20"]

1. d4 Nf6 2. Nc3 d5 3. Bg5 Nbd7 4. Nf3 e6 5. e4 h6 6. Bh4 g5 7. Bg3 Nxe4 8.
Nxe4 dxe4 9. Nd2 Bg7 10. h4 Bxd4 11. c3 Be5 12. Bxe5 Nxe5 13. hxg5 e3 14. Ne4
exf2+ 15. Kxf2 Qxd1 16. Rxd1 Ke7 17. Be2 Bd7 18. gxh6 Bc6 19. Nc5 Rag8 20. Rh2
Rh7 21. Nd3 Nd7 22. Rdh1 Nf6 23. Ne5 Be4 24. a3 b6 25. Kf1 a5 26. Nc4 a4 27.
Ne5 b5 28. Nf3 c6 29. Nd2 e5 30. c4 bxc4 31. Nxc4 Ke6 32. Nb6 Bc2 33. Kf2 Rb8
34. Rc1 Rxb6 35. Rxc2 Kf5 36. Rh4 e4 37. g3 Kg5 38. Bd1 Rxh6 39. Rxh6 Kxh6 40.
Ke3 Kg6 41. Kf4 Rb5 42. g4 Rd5 43. Rc1 Rd4 44. g5 Nd5+ 45. Ke5 c5 46. Bxa4 Rxa4
47. Kxd5 Kxg5 48. Rg1+ Kf4 49. Rf1+ Ke3 50. Rxf7 Kd3 51. Kxc5 Rc4+ 52. Kd5 Rd4+
53. Kc5 e3 54. Rf3 Re4 55. b4 Kc2 56. b5 1/2-1/2

[Event "MCRE_KT02"]
[Site "?"]
[Date "2005.??.??"]
[Round "2"]
[White "Fric, Pavel"]
[Black "Tyrlik, Jaroslav"]
[Result "1-0"]
[WhiteElo "1600"]
[BlackElo "1965"]
[PlyCount "113"]
[EventDate "2005.??.??"]
[EventType "corr"]
[EventRounds "2"]
[SourceDate "2005.10.20"]

1. e4 c5 2. Nf3 Nc6 3. d4 cxd4 4. Nxd4 Qa5+ 5. Nc3 Nxd4 6. Qxd4 e5 7. Qc4 Nf6
8. Bd2 Qb6 9. Be3 Qb4 10. a3 Qxc4 11. Bxc4 Bd6 12. O-O-O Bc7 13. Nb5 Bb8 14. f3
Ng8 15. Nd6+ Bxd6 16. Rxd6 Ne7 17. Rhd1 Nc6 18. h4 b6 19. h5 h6 20. g3 Ke7 21.
b4 Rd8 22. f4 f6 23. Bf1 exf4 24. gxf4 Rb8 25. e5 Rb7 26. b5 Na5 27. Bd3 Rf8
28. Rg1 fxe5 29. fxe5 Rf7 30. Bd2 Rc7 31. Bb4 Nb3+ 32. Kd1 Nc5 33. Bc4 Kf8 34.
Bxf7 Kxf7 35. Bxc5 Rxc5 36. Rdg6 Rxb5 37. Rxg7+ Ke6 38. R1g6+ Kxe5 39. Rxh6 d6
40. Rxa7 Rd5+ 41. Kc1 Bg4 42. Rh8 Rd1+ 43. Kb2 Rh1 44. h6 Bf5 45. Re7+ Kd5 46.
Rf8 Rh5 47. Rf6 b5 48. Rb7 Kc5 49. Rb8 Be4 50. Rc8+ Kd5 51. Rd8 Rh2 52. Rfxd6+
Kc5 53. Re6 Bh7 54. Re7 Bg6 55. Re5+ Kc4 56. Rc8+ Kd4 57. Rxb5 1-0

[Event "MCRE_KT02"]
[Site "?"]
[Date "2005.??.??"]
[Round "1"]
[White "Tyrlik, Jaroslav"]
[Black "Kelbl, Jiri"]
[Result "1-0"]
[WhiteElo "1965"]
[BlackElo "1600"]
[PlyCount "73"]
[EventDate "2005.??.??"]
[EventType "corr"]
[EventRounds "2"]
[SourceDate "2005.10.20"]

1. Nf3 d5 2. d4 Nf6 3. c4 dxc4 4. e3 e6 5. Bxc4 c5 6. O-O a6 7. dxc5 Qxd1 8.
Rxd1 Bxc5 9. a3 b5 10. Be2 Bb7 11. b4 Be7 12. Bb2 Nc6 13. a4 bxa4 14. b5 Nb4
15. Rxa4 a5 16. Nbd2 O-O 17. Nc4 Bd8 18. Nfd2 Bd5 19. Be5 Bxc4 20. Nxc4 Nbd5
21. Bf3 Ra7 22. Bd4 Rd7 23. b6 Nxb6 24. Bxb6 Rxd1+ 25. Bxd1 Bxb6 26. Nxb6 Rd8
27. Bc2 Rb8 28. Rxa5 g6 29. Nc4 Rc8 30. Bd3 Rd8 31. Ne5 Ng4 32. Nxg4 Rxd3 33.
h4 Kg7 34. Ra7 Rd5 35. f4 Rf5 36. Ne5 Kg8 37. g4 1-0

[Event "MCRE_KT02"]
[Site "?"]
[Date "2005.??.??"]
[Round "1"]
[White "Tyrlik, Jaroslav"]
[Black "Urban, Milos"]
[Result "1-0"]
[WhiteElo "1965"]
[BlackElo "1600"]
[PlyCount "65"]
[EventDate "2005.??.??"]
[EventType "corr"]
[EventRounds "2"]
[SourceDate "2005.10.20"]

1. d4 Nf6 2. Nc3 d5 3. Bg5 g6 4. Bxf6 exf6 5. e3 Bg7 6. Bd3 O-O 7. Qf3 c6 8. g4
Nd7 9. Nge2 Re8 10. h4 h6 11. h5 g5 12. Ng3 Nf8 13. O-O-O Qc7 14. Rhe1 Be6 15.
Nf5 Bxf5 16. Bxf5 Ne6 17. Ne2 Bh8 18. Bd3 Nf8 19. Ng3 Bg7 20. Kb1 a5 21. Rd2
Rad8 22. Rde2 b5 23. e4 b4 24. Nf5 Re6 25. Rc1 Qd7 26. c4 bxc3 27. Rxc3 Rb8 28.
Rc5 a4 29. exd5 Rxe2 30. Qxe2 Re8 31. dxc6 Rxe2 32. cxd7 Nxd7 33. Rc8+ 1-0

[Event "MCRE_KT02"]
[Site "?"]
[Date "2005.??.??"]
[Round "2"]
[White "Urban, Milos"]
[Black "Tyrlik, Jaroslav"]
[Result "0-1"]
[WhiteElo "1600"]
[BlackElo "1965"]
[PlyCount "72"]
[EventDate "2005.??.??"]
[EventType "corr"]
[EventRounds "2"]
[SourceDate "2005.10.20"]

1. e4 c5 2. Nf3 Nc6 3. Bb5 e5 4. O-O Nge7 5. c3 Ng6 6. d4 cxd4 7. cxd4 exd4 8.
Nxd4 Qb6 9. Bxc6 dxc6 10. b3 Bc5 11. Be3 Ne5 12. Nc2 O-O 13. Bxc5 Qxc5 14. Nba3
Bg4 15. Qd4 Qxd4 16. Nxd4 Rad8 17. Ndc2 Be2 18. Rfe1 Rd2 19. Ne3 Rfd8 20. f4
Nd3 21. Nac4 Nxe1 22. Nxd2 Nxg2 23. Nxg2 Rxd2 24. e5 Bf3 25. Ne1 Bd5 26. a3 f6
27. exf6 gxf6 28. b4 Kg7 29. Rc1 Re2 30. Rd1 Kg6 31. h3 Kf5 32. Nd3 Ra2 33. Nc5
b6 34. Nd3 Rxa3 35. Rd2 Ke4 36. Kg2 Ke3+ 0-1

[Event "MCRE_KT02"]
[Site "?"]
[Date "2005.??.??"]
[Round "2"]
[White "Dojcinovic, Miroslav"]
[Black "Listopad, Jan"]
[Result "0-1"]
[WhiteElo "1600"]
[BlackElo "1600"]
[PlyCount "46"]
[EventDate "2005.??.??"]
[EventType "corr"]
[EventRounds "2"]
[SourceDate "2005.10.20"]

1. e4 e5 2. Nf3 Nf6 3. Nc3 Nc6 4. d4 exd4 5. Nxd4 Bc5 6. Nxc6 bxc6 7. Be2 Qe7
8. Bd3 d6 9. f3 a6 10. Bg5 h6 11. Bd2 Kf8 12. Qe2 Kg8 13. O-O-O Bd4 14. Kb1 Nd7
15. Rdf1 Ne5 16. Na4 Bd7 17. Bxa6 Kh7 18. Rd1 c5 19. Nc3 Rhb8 20. Rhf1 Rb6 21.
Bd3 Be6 22. Bb5 Bxc3 23. Bxc3 Rxb5 0-1

[Event "MCRE_KT02"]
[Site "?"]
[Date "2005.??.??"]
[Round "2"]
[White "Fric, Pavel"]
[Black "Listopad, Jan"]
[Result "1-0"]
[WhiteElo "1600"]
[BlackElo "1600"]
[PlyCount "54"]
[EventDate "2005.??.??"]
[EventType "corr"]
[EventRounds "2"]
[SourceDate "2005.10.20"]

1. e4 e5 2. Nf3 Nf6 3. Nxe5 d6 4. Nf3 Nxe4 5. d4 d5 6. Bd3 Bd6 7. O-O O-O 8. c4
Bg4 9. Nc3 Nxc3 10. bxc3 dxc4 11. Bxc4 Nd7 12. Qd3 c6 13. Ng5 Nf6 14. h3 Bd7
15. Re1 Qa5 16. Qf3 Rac8 17. Bd2 c5 18. Ne4 Nxe4 19. Qxe4 cxd4 20. Bd3 f5 21.
Qxd4 Qc7 22. Rab1 b6 23. Bg5 Bc6 24. Rbd1 Kh8 25. Re6 Bc5 26. Qe5 Qf7 27. Bc4
Rce8 1-0

[Event "MCRE_KT02"]
[Site "?"]
[Date "2005.??.??"]
[Round "1"]
[White "Listopad, Jan"]
[Black "Kelbl, Jiri"]
[Result "1/2-1/2"]
[WhiteElo "1600"]
[BlackElo "1600"]
[PlyCount "46"]
[EventDate "2005.??.??"]
[EventType "corr"]
[EventRounds "2"]
[SourceDate "2005.10.20"]

1. e4 e5 2. Nf3 Nc6 3. Bc4 Bc5 4. Nc3 Nf6 5. d3 d6 6. Na4 Bb6 7. c3 h6 8. Kf1
O-O 9. Kg1 Bd7 10. Nxb6 axb6 11. a3 Re8 12. h3 Be6 13. Bxe6 Rxe6 14. Kh2 Ne7
15. c4 Ng6 16. Be3 Re8 17. a4 c5 18. b4 Qc7 19. Qb3 Nd7 20. Rhb1 Reb8 21. Qd1
Ndf8 22. Ng1 Ne6 23. Ne2 Kf8 1/2-1/2

[Event "MCRE_KT02"]
[Site "?"]
[Date "2005.??.??"]
[Round "2"]
[White "Kelbl, Jiri"]
[Black "Listopad, Jan"]
[Result "1/2-1/2"]
[WhiteElo "1600"]
[BlackElo "1600"]
[PlyCount "55"]
[EventDate "2005.??.??"]
[EventType "corr"]
[EventRounds "2"]
[SourceDate "2005.10.20"]

1. e4 e5 2. Nf3 Nf6 3. Nxe5 Qe7 4. Nf3 Qxe4+ 5. Be2 Be7 6. Nc3 Qc6 7. d4 Bb4 8.
Bd2 Bxc3 9. Bxc3 d6 10. O-O Kf8 11. h3 Bf5 12. Bd3 Qd5 13. Bxf5 Qxf5 14. Re1
Nc6 15. a3 Re8 16. Qd2 Ne7 17. Bb4 Ne4 18. Qd3 Ng6 19. Bd2 Nh4 20. Re2 Nxf3+
21. Qxf3 Qxf3 22. gxf3 Nxd2 23. Rxd2 d5 24. Kf1 f6 25. Re1 Rxe1+ 26. Kxe1 Ke7
27. Re2+ Kd7 28. Kd2 1/2-1/2

[Event "MCRE_KT02"]
[Site "?"]
[Date "2005.??.??"]
[Round "1"]
[White "Dojcinovic, Miroslav"]
[Black "Fric, Pavel"]
[Result "0-1"]
[WhiteElo "1600"]
[BlackElo "1600"]
[PlyCount "80"]
[EventDate "2005.??.??"]
[EventType "corr"]
[EventRounds "2"]
[SourceDate "2005.10.20"]

1. e4 c5 2. Nf3 d6 3. d4 cxd4 4. Nxd4 Nf6 5. Nc3 a6 6. Bg5 Nbd7 7. f3 Qc7 8.
Qd2 e6 9. Bd3 Be7 10. O-O-O b5 11. Bxb5 axb5 12. Ndxb5 Qa5 13. Bxf6 Nxf6 14.
Nxd6+ Bxd6 15. Qxd6 Ra6 16. Qg3 O-O 17. e5 Nd5 18. Nxd5 exd5 19. a3 Bf5 20. Qg5
Bg6 21. Rd2 Rb8 22. e6 fxe6 23. Qe5 Rab6 24. Rhd1 Qa4 25. Re1 Rc8 26. c3 Qxa3
27. Kd1 Qa6 28. Qe3 Ra8 29. b4 Qc4 30. Rb2 Ra1+ 31. Kd2 Ra2 32. Rc1 Rxb2+ 33.
Ke1 Qh4+ 34. Kd1 Qxh2 35. Ra1 Qh1+ 36. Qe1 Ra6 37. Rc1 Qxg2 38. Qe3 Qf1+ 39.
Qe1 Qxf3+ 40. Qe2 Qxe2# 0-1

[Event "MCRE_KT02"]
[Site "?"]
[Date "2005.??.??"]
[Round "2"]
[White "Fric, Pavel"]
[Black "Dojcinovic, Miroslav"]
[Result "1-0"]
[WhiteElo "1600"]
[BlackElo "1600"]
[PlyCount "85"]
[EventDate "2005.??.??"]
[EventType "corr"]
[EventRounds "2"]
[SourceDate "2005.10.20"]

1. d4 Nf6 2. c4 e6 3. Nc3 Be7 4. e4 Bb4 5. e5 Bxc3+ 6. bxc3 Ng8 7. Qg4 g6 8.
Nf3 d6 9. Be2 dxe5 10. dxe5 h5 11. Qg3 Ne7 12. Bg5 Bd7 13. Bf6 Rf8 14. Rd1 Na6
15. Qh4 Nc5 16. O-O a6 17. Rd2 Rg8 18. Rfd1 Rf8 19. Ng5 Nf5 20. Qf4 Qc8 21. Nh7
Rg8 22. Bg5 Ba4 23. Nf6+ Kf8 24. Rd8+ Qxd8 25. Rxd8+ Rxd8 26. Nxg8 Rb8 27. Nf6
Kg7 28. g4 hxg4 29. Nxg4 Bc6 30. Bf6+ Kh7 31. Ne3 Rg8 32. Nxf5 gxf5+ 33. Kf1
Bg2+ 34. Ke1 Rg4 35. Qe3 Ne4 36. Bxg4 fxg4 37. Qf4 Bf3 38. h3 gxh3 39. Qxf3
Nxf6 40. Qxh3+ Kg6 41. Qg2+ Kf5 42. exf6 Kxf6 43. Qxb7 1-0

[Event "MCRE_KT02"]
[Site "?"]
[Date "2005.??.??"]
[Round "2"]
[White "Kelbl, Jiri"]
[Black "Dojcinovic, Miroslav"]
[Result "0-1"]
[WhiteElo "1600"]
[BlackElo "1600"]
[PlyCount "62"]
[EventDate "2005.??.??"]
[EventType "corr"]
[EventRounds "2"]
[SourceDate "2005.10.20"]

1. e4 e5 2. Nf3 Nc6 3. Bb5 a6 4. Ba4 Nf6 5. O-O b5 6. Bb3 d6 7. Re1 Be7 8. c3
O-O 9. h3 Na5 10. Bc2 c5 11. d4 Qc7 12. Nbd2 cxd4 13. cxd4 Bb7 14. d5 Rfc8 15.
Bd3 Nd7 16. Nf1 Nc5 17. Be3 Nxd3 18. Qxd3 Qc2 19. Qd2 Qxd2 20. Bxd2 Nc4 21. Bc3
f5 22. Rad1 fxe4 23. Rxe4 Rc5 24. Ne3 Nxe3 25. Rxe3 Rxd5 26. Rxd5 Bxd5 27. a3
Kf7 28. Kf1 Rc8 29. Ne1 Bg5 30. Rg3 Bh4 31. Rg4 g5 0-1

[Event "MCRE_KT02"]
[Site "?"]
[Date "2005.??.??"]
[Round "1"]
[White "Dojcinovic, Miroslav"]
[Black "Urban, Milos"]
[Result "0-1"]
[WhiteElo "1600"]
[BlackElo "1600"]
[PlyCount "42"]
[EventDate "2005.??.??"]
[EventType "corr"]
[EventRounds "2"]
[SourceDate "2005.10.20"]

1. e4 e5 2. Nf3 Nf6 3. d4 Nxe4 4. dxe5 d5 5. Nbd2 Nc5 6. Nb3 Nxb3 7. axb3 Be7
8. Bb5+ c6 9. Bd3 Bg4 10. Ra4 Bh5 11. Be3 Nd7 12. e6 fxe6 13. Rxa7 Rxa7 14.
Bxa7 b6 15. O-O Qc7 16. Nd4 Bxd1 17. Bg6+ hxg6 18. Rxd1 Qxa7 19. Nxe6 Kf7 20.
Nd4 Qc7 21. g3 Bf6 0-1

[Event "MCRE_KT02"]
[Site "?"]
[Date "2005.??.??"]
[Round "2"]
[White "Urban, Milos"]
[Black "Dojcinovic, Miroslav"]
[Result "1/2-1/2"]
[WhiteElo "1600"]
[BlackElo "1600"]
[PlyCount "61"]
[EventDate "2005.??.??"]
[EventType "corr"]
[EventRounds "2"]
[SourceDate "2005.10.20"]

1. e4 e5 2. Nf3 Nc6 3. Bb5 a6 4. Bxc6 dxc6 5. O-O Bd6 6. d4 exd4 7. Qxd4 f6 8.
e5 fxe5 9. Nxe5 Nf6 10. Re1 O-O 11. Bg5 Re8 12. Nc3 Bxe5 13. Qxd8 Bxh2+ 14.
Kxh2 Rxd8 15. Bxf6 gxf6 16. Ne4 Kf7 17. c3 Bf5 18. Ng3 Be6 19. Ne4 Rd5 20. Rad1
Re8 21. f3 Rh5+ 22. Kg1 Bxa2 23. Rd7+ Kg6 24. Red1 Rc8 25. Nd2 Rb5 26. b4 c5
27. bxc5 Rxc5 28. Ra1 Be6 29. Re7 Bf5 30. c4 Rd8 31. Ra2 1/2-1/2

[Event "MCRE_KT02"]
[Site "?"]
[Date "2005.??.??"]
[Round "1"]
[White "Fric, Pavel"]
[Black "Kelbl, Jiri"]
[Result "1-0"]
[WhiteElo "1600"]
[BlackElo "1600"]
[PlyCount "59"]
[EventDate "2005.??.??"]
[EventType "corr"]
[EventRounds "2"]
[SourceDate "2005.10.20"]

1. e4 e5 2. Nf3 Nc6 3. Bb5 a6 4. Ba4 Nf6 5. O-O Be7 6. Re1 b5 7. Bb3 d6 8. c3
O-O 9. h3 Bb7 10. d4 Re8 11. Nbd2 Bf8 12. d5 Nb8 13. Nf1 Nbd7 14. N3h2 Nc5 15.
Bc2 c6 16. b4 Ncd7 17. dxc6 Bxc6 18. Bg5 h6 19. Bh4 Qc7 20. Ng4 Nxg4 21. Qxg4
Be7 22. Bb3 Bxh4 23. Qxh4 Nf6 24. Ng3 Bd7 25. Re3 Be6 26. Rd1 Bxb3 27. axb3
Rad8 28. Nf5 Kh7 29. Rg3 Rg8 30. Rxg7+ 1-0

[Event "MCRE_KT02"]
[Site "?"]
[Date "2005.??.??"]
[Round "2"]
[White "Kelbl, Jiri"]
[Black "Fric, Pavel"]
[Result "0-1"]
[WhiteElo "1600"]
[BlackElo "1600"]
[PlyCount "68"]
[EventDate "2005.??.??"]
[EventType "corr"]
[EventRounds "2"]
[SourceDate "2005.10.20"]

1. e4 c5 2. Nf3 d6 3. d4 cxd4 4. Nxd4 Nf6 5. Nc3 a6 6. Bg5 e6 7. f4 Qb6 8. Qd2
Qxb2 9. Rb1 Qa3 10. Be2 Nbd7 11. O-O Qc5 12. Kh1 Be7 13. f5 e5 14. Ne6 fxe6 15.
fxe6 Nf8 16. Bxf6 gxf6 17. Nd5 h6 18. Nxf6+ Bxf6 19. Rxf6 Nxe6 20. Rxh6 Rxh6
21. Qxh6 Qf2 22. Qh5+ Qf7 23. Qh8+ Qf8 24. Qh5+ Kd8 25. Rf1 Nf4 26. g3 Nxh5 27.
Rxf8+ Ke7 28. Rh8 Nf6 29. Bd3 b5 30. Kg2 Bb7 31. Rxa8 Bxa8 32. Kf3 d5 33. Ke3
Ng4+ 34. Kf3 Nxh2+ 0-1

[Event "MCRE_KT02"]
[Site "?"]
[Date "2005.??.??"]
[Round "1"]
[White "Fric, Pavel"]
[Black "Urban, Milos"]
[Result "1-0"]
[WhiteElo "1600"]
[BlackElo "1600"]
[PlyCount "43"]
[EventDate "2005.??.??"]
[EventType "corr"]
[EventRounds "2"]
[SourceDate "2005.10.20"]

1. d4 Nf6 2. c4 e6 3. Nc3 Bb4 4. Qc2 O-O 5. a3 Bxc3+ 6. Qxc3 b6 7. Bg5 Bb7 8.
e3 d6 9. f3 Nbd7 10. Nh3 h6 11. Bh4 Qe7 12. Bd3 Rfe8 13. Nf2 e5 14. O-O-O exd4
15. exd4 Qe3+ 16. Kb1 Qe7 17. Ng4 g5 18. Nxh6+ Kh8 19. Bxg5 Qf8 20. Nf5 d5 21.
Bh6 Qg8 22. Bg7+ 1-0

[Event "MCRE_KT02"]
[Site "?"]
[Date "2005.??.??"]
[Round "2"]
[White "Urban, Milos"]
[Black "Fric, Pavel"]
[Result "0-1"]
[WhiteElo "1600"]
[BlackElo "1600"]
[PlyCount "48"]
[EventDate "2005.??.??"]
[EventType "corr"]
[EventRounds "2"]
[SourceDate "2005.10.20"]

1. e4 c5 2. Nf3 Nc6 3. Bb5 e6 4. O-O Nge7 5. Nc3 Nd4 6. Re1 Ng6 7. e5 h5 8.
Nxd4 cxd4 9. Ne4 Qa5 10. a4 a6 11. b4 Bxb4 12. Bb2 Rb8 13. c3 Be7 14. Bf1 Nxe5
15. cxd4 Ng4 16. h3 d5 17. Bc3 Qc7 18. Ng3 Nxf2 19. Kxf2 Bh4 20. Qf3 Rh6 21.
Kg1 Qxg3 22. Qxg3 Bxg3 23. Re3 h4 24. Bc4 dxc4 0-1

[Event "MCRE_KT02"]
[Site "?"]
[Date "2005.??.??"]
[Round "1"]
[White "Kelbl, Jiri"]
[Black "Urban, Milos"]
[Result "1-0"]
[WhiteElo "1600"]
[BlackElo "1600"]
[PlyCount "93"]
[EventDate "2005.??.??"]
[EventType "corr"]
[EventRounds "2"]
[SourceDate "2005.10.20"]

1. e4 e5 2. Nf3 Nf6 3. Nxe5 d6 4. Nf3 Nxe4 5. Qe2 Qe7 6. d3 Nf6 7. Bg5 Qxe2+ 8.
Bxe2 Be7 9. Nc3 c6 10. O-O-O Na6 11. Rhe1 Nc7 12. Bf1 Ne6 13. Bh4 h6 14. Ne4 g5
15. Bg3 Nxe4 16. dxe4 Bd7 17. Bxd6 Bxd6 18. Rxd6 f6 19. g3 O-O-O 20. e5 f5 21.
Nd4 Nxd4 22. Rxd4 Be6 23. Rxd8+ Rxd8 24. Rd1 Bd5 25. c4 Be6 26. Rxd8+ Kxd8 27.
f4 Ke7 28. Kd2 Bf7 29. Ke3 c5 30. b3 Be8 31. Bg2 Bc6 32. Bxc6 bxc6 33. h3 Ke6
34. g4 gxf4+ 35. Kxf4 fxg4 36. hxg4 a6 37. a3 a5 38. a4 Ke7 39. Kf5 Kf7 40. e6+
Ke8 41. Kf6 Kf8 42. Kg6 Ke7 43. Kxh6 Kxe6 44. g5 Kf7 45. g6+ Kg8 46. g7 Kf7 47.
Kh7 1-0

[Event "MCRE_KT02"]
[Site "?"]
[Date "2005.??.??"]
[Round "2"]
[White "Listopad, Jan"]
[Black "Tyrlik, Jaroslav"]
[Result "0-1"]
[WhiteElo "1600"]
[BlackElo "1965"]
[PlyCount "77"]
[EventDate "2005.??.??"]
[EventType "corr"]
[EventRounds "2"]
[SourceDate "2005.10.20"]

1. e4 e6 2. d4 d5 3. Nd2 c5 4. Ngf3 Nc6 5. dxc5 Bxc5 6. exd5 exd5 7. Nb3 Bb6 8.
Bb5 Qe7+ 9. Kf1 Nf6 10. Bg5 O-O 11. a4 a6 12. Bd3 Re8 13. a5 Bc7 14. c3 h6 15.
Bh4 Bg4 16. h3 Bd7 17. Qd2 Ne4 18. Bxe7 Nxd2+ 19. Nfxd2 Rxe7 20. Nf3 Rb8 21.
Nfd4 Nxd4 22. Nxd4 b6 23. axb6 Bxb6 24. Ne2 a5 25. b3 Bc6 26. h4 Ba7 27. Ra3
Reb7 28. Bc2 Bb5 29. Rh3 a4 30. b4 Re7 31. Bd3 Bd7 32. Rf3 d4 33. Rf4 dxc3 34.
Nxc3 Rbe8 35. Re4 Rxe4 36. Nxe4 Bd4 37. b5 Ra8 38. Ke2 Be6 39. Nc3 0-1

[Event "MCRE_KT02"]
[Site "?"]
[Date "2005.??.??"]
[Round "1"]
[White "Tyrlik, Jaroslav"]
[Black "Dojcinovic, Miroslav"]
[Result "1-0"]
[WhiteElo "1965"]
[BlackElo "1600"]
[PlyCount "101"]
[EventDate "2005.??.??"]
[EventType "corr"]
[EventRounds "2"]
[SourceDate "2005.10.20"]

1. Nf3 d5 2. d4 e6 3. c4 Be7 4. Nc3 Nf6 5. Bg5 Nbd7 6. e3 Ne4 7. Bxe7 Qxe7 8.
Qb3 Nxc3 9. Qxc3 Nf6 10. Rc1 O-O 11. Bd3 Bd7 12. Ne5 Rfc8 13. O-O a6 14. Qb3
dxc4 15. Bxc4 Rcb8 16. Nf3 Bc6 17. Ne5 Bd7 18. f4 Be8 19. f5 exf5 20. Rxf5 c5
21. dxc5 g6 22. Rxf6 Qxf6 23. Qc3 Rd8 24. Rf1 Qg7 25. g3 Rac8 26. Bxf7+ Bxf7
27. Rxf7 Qxe5 28. Qxe5 Kxf7 29. b4 Rd1+ 30. Kg2 Rcd8 31. g4 R8d2+ 32. Kf3 Rf1+
33. Kg3 Rg1+ 34. Kh4 Rgd1 35. e4 h6 36. g5 hxg5+ 37. Kxg5 Rg1+ 38. Kh6 Rd7 39.
Qg7+ Ke6 40. Qc3 Rdd1 41. h4 Rde1 42. Kg7 Kd7 43. Qe5 Kc8 44. Qe8+ Kc7 45. a4
Rd1 46. b5 axb5 47. axb5 Rd7+ 48. Kf6 Rg2 49. b6+ Kc6 50. Qc8+ Kb5 51. Qxd7+
1-0

[Event "MCRE_KT02"]
[Site "?"]
[Date "2005.??.??"]
[Round "2"]
[White "Dojcinovic, Miroslav"]
[Black "Tyrlik, Jaroslav"]
[Result "0-1"]
[WhiteElo "1600"]
[BlackElo "1965"]
[PlyCount "48"]
[EventDate "2005.??.??"]
[EventType "corr"]
[EventRounds "2"]
[SourceDate "2005.10.20"]

1. e4 e6 2. d4 d5 3. Nd2 c5 4. exd5 exd5 5. Bb5+ Bd7 6. Qe2+ Be7 7. dxc5 Nf6 8.
Ngf3 O-O 9. Nb3 Re8 10. Be3 a6 11. Bd3 Ba4 12. Nfd4 Nbd7 13. O-O-O Bxb3 14.
Nxb3 Nxc5 15. Bc4 b5 16. Bd4 bxc4 17. Nxc5 Bxc5 18. Qd2 Ne4 19. Qf4 Qa5 20. a3
c3 21. Bxc3 Nxc3 22. Rde1 Bxa3 23. bxa3 Re2 24. Qf5 Qxa3# 0-1

[Event "MCRE_KT02"]
[Site "?"]
[Date "2005.??.??"]
[Round "2"]
[White "Kelbl, Jiri"]
[Black "Tyrlik, Jaroslav"]
[Result "0-1"]
[WhiteElo "1600"]
[BlackElo "1965"]
[PlyCount "54"]
[EventDate "2005.??.??"]
[EventType "corr"]
[EventRounds "2"]
[SourceDate "2005.10.20"]

1. e4 c5 2. Nf3 Nc6 3. Bb5 e5 4. O-O Nge7 5. c3 Ng6 6. d4 cxd4 7. cxd4 exd4 8.
Nxd4 Qb6 9. Bxc6 dxc6 10. Nb3 Qc7 11. Nc3 Bd6 12. h3 O-O 13. Be3 Be6 14. Nd4
Bc4 15. Re1 Rad8 16. Qc2 Rd7 17. b3 Ba6 18. Rad1 Rfd8 19. Nf3 Qa5 20. Bd2 Bb4
21. Nb1 Qc5 22. Qxc5 Bxc5 23. Rc1 Be7 24. Bc3 Nf4 25. Rc2 f6 26. Rd2 Nd3 27.
Red1 Bc5 0-1

[Event "MCRE_KT02"]
[Site "?"]
[Date "2005.??.??"]
[Round "1"]
[White "Listopad, Jan"]
[Black "Dojcinovic, Miroslav"]
[Result "1/2-1/2"]
[WhiteElo "1600"]
[BlackElo "1600"]
[PlyCount "49"]
[EventDate "2005.??.??"]
[EventType "corr"]
[EventRounds "2"]
[SourceDate "2005.10.20"]

1. e4 e5 2. f4 d5 3. exd5 exf4 4. Bb5+ Bd7 5. Qe2+ Qe7 6. Nc3 Nf6 7. Bc4 Bg4 8.
Qxe7+ Bxe7 9. d3 Nh5 10. Nge2 f3 11. gxf3 Bh4+ 12. Kd1 Bxf3 13. Rf1 Bxe2+ 14.
Kxe2 O-O 15. Nb5 Na6 16. d6 c6 17. Nd4 b5 18. Bb3 Nb8 19. Nf5 Bf6 20. c3 Rd8
21. d4 Rd7 22. Kd3 g6 23. Rg1 Bg7 24. Ne7+ Kf8 25. Rf1 1/2-1/2

[Event "MCRE_KT02"]
[Site "?"]
[Date "2005.??.??"]
[Round "1"]
[White "Listopad, Jan"]
[Black "Fric, Pavel"]
[Result "0-1"]
[WhiteElo "1600"]
[BlackElo "1600"]
[PlyCount "51"]
[EventDate "2005.??.??"]
[EventType "corr"]
[EventRounds "2"]
[SourceDate "2005.10.20"]

1. Nf3 d5 2. c4 e6 3. d4 f5 4. Nc3 c6 5. Bf4 Nf6 6. e3 Nbd7 7. Ng5 Nb6 8. c5 h6
9. Nf3 Nbd7 10. Bd3 g5 11. Bg3 Nh5 12. Kf1 Nxg3+ 13. hxg3 Bg7 14. b4 a5 15. a3
Qf6 16. Na4 h5 17. b5 h4 18. gxh4 g4 19. Nd2 e5 20. Nb3 e4 21. Be2 Rxh4 22. Rg1
Qh6 23. bxc6 Rh1 24. cxb7 Qh2 25. Bb5 Rxg1+ 26. Ke2 0-1

[Event "MCRE_KT02"]
[Site "?"]
[Date "2005.??.??"]
[Round "1"]
[White "Listopad, Jan"]
[Black "Urban, Milos"]
[Result "1/2-1/2"]
[WhiteElo "1600"]
[BlackElo "1600"]
[PlyCount "30"]
[EventDate "2005.??.??"]
[EventType "corr"]
[EventRounds "2"]
[SourceDate "2005.10.20"]

1. e4 e5 2. f4 exf4 3. Nf3 g5 4. h3 d6 5. Bc4 Bg7 6. d4 h6 7. Kf2 Nc6 8. c3 Qe7
9. Bd5 Bd7 10. Qb3 O-O-O 11. Re1 Be6 12. Qa4 Bd7 13. Qc4 Na5 14. Qd3 a6 15. b4
Nc6 1/2-1/2

[Event "MCRE_KT02"]
[Site "?"]
[Date "2005.??.??"]
[Round "2"]
[White "Urban, Milos"]
[Black "Listopad, Jan"]
[Result "1/2-1/2"]
[WhiteElo "1600"]
[BlackElo "1600"]
[PlyCount "29"]
[EventDate "2005.??.??"]
[EventType "corr"]
[EventRounds "2"]
[SourceDate "2005.10.20"]

1. e4 c6 2. d4 d5 3. Nc3 dxe4 4. Nxe4 Nd7 5. Ng5 e6 6. Bd3 Bd6 7. Qe2 Ngf6 8.
N1f3 h6 9. Ne4 Nxe4 10. Qxe4 Nf6 11. Qe2 Kf8 12. Bd2 Qb6 13. O-O-O Bd7 14. Ne5
Qxd4 15. Nxd7+ 1/2-1/2

[Event "MCRE_KT02"]
[Site "?"]
[Date "2005.??.??"]
[Round "1"]
[White "Dojcinovic, Miroslav"]
[Black "Kelbl, Jiri"]
[Result "1/2-1/2"]
[WhiteElo "1600"]
[BlackElo "1600"]
[PlyCount "96"]
[EventDate "2005.??.??"]
[EventType "corr"]
[EventRounds "2"]
[SourceDate "2005.10.20"]

1. e4 e5 2. Nf3 Nc6 3. Bb5 a6 4. Ba4 Nf6 5. O-O Be7 6. Re1 b5 7. Bb3 d6 8. c3
O-O 9. d4 Bg4 10. d5 Na5 11. Bc2 c6 12. dxc6 Nxc6 13. Be3 Re8 14. Bd3 Bf8 15.
Nbd2 Rc8 16. Qc2 h6 17. a4 Rb8 18. axb5 axb5 19. b3 b4 20. c4 Ra8 21. Reb1 Qc7
22. Ra2 Qb7 23. Rba1 Be7 24. Qd1 Kh8 25. Qe1 Kg8 26. Qf1 Rec8 27. Qb1 Kf8 28.
Qc2 Kg8 29. Ra4 Rxa4 30. Rxa4 Bd7 31. Ra1 Ra8 32. Qd1 Ng4 33. Rxa8+ Qxa8 34.
Nf1 Nxe3 35. Nxe3 Kf8 36. Qb1 Be6 37. Kh1 Kg8 38. Qd1 Kf8 39. Nd5 Bxd5 40. exd5
Nd8 41. Bf5 Nb7 42. Qb1 Qa3 43. Kg1 Nc5 44. Bc2 g6 45. Kh1 Kg8 46. Qd1 Qa2 47.
h3 Qa3 48. Kh2 Qa2 1/2-1/2